50 Provincias, 50 Ciudades - Versión Difícil - Estadísticas

Estadísticas generales
  • Esta prueba ha sido intentada 975 veces
  • La puntuación promedio es 24 de 50
Estadísticas de respuestas
Ciudad Provincia % Correcto
M Alcorcón Madrid
94%
B Sitges Barcelona
82%
MU Lorca Murcia
79%
MA Benalmádena Málaga
78%
HU Jaca Huesca
75%
T Calafell Tarragona
74%
A Elda Alicante
69%
J Úbeda Jaén
69%
GI Palafrugell Gerona
67%
GC Arrecife Las Palmas
63%
LU Ribadeo Lugo
63%
L La Seo de Urgel Lérida
61%
H Isla Cristina Huelva
60%
SE Carmona Sevilla
59%
BI Guecho Vizcaya
59%
C Oleiros La Coruña
58%
S Torrelavega Cantabria
56%
TF Puerto de la Cruz Santa Cruz de Tenerife
52%
NA Estella Navarra
50%
TE Andorra Teruel
50%
V Onteniente Valencia
49%
ZA Benavente Zamora
49%
CA Puerto Real Cádiz
48%
PO Marín Pontevedra
44%
TO Ocaña Toledo
44%
VI Amurrio Álava
43%
AL Adra Almería
43%
SS Tolosa Guipúzcoa
43%
LE La Bañeza León
43%
SA Béjar Salamanca
43%
CR Manzanares Ciudad Real
40%
OR Ginzo de Limia Orense
38%
AV Arenas de San Pedro Ávila
37%
GR Maracena Granada
37%
P Venta de Baños Palencia
37%
CO Montilla Córdoba
36%
LO Arnedo La Rioja
36%
CS Alcora Castellón
35%
BA Montijo Badajoz
34%
BU Medina de Pomar Burgos
34%
CU Quintanar del Rey Cuenca
34%
AB Caudete Albacete
33%
CC Miajadas Cáceres
29%
Z Cuarte de Huerva Zaragoza
28%
PM Marrachí Islas Baleares
27%
VA La Cistérniga Valladolid
27%
GU Alovera Guadalajara
26%
SO Ólvega Soria
26%
SG La Lastrilla Segovia
25%
O Castrillón Asturias
24%
No se encontraron pruebas coincidentes
Distribución de puntuación
Porcentaje de gente con cada puntuación
Porcentaje por número respondido
Historial de tus puntuaciones
No has intentado esta prueba.